000 00266nam a2200097Ia 4500
001 1250826
005 20251031150904.0
008 251031s9999 xx 000 0 und d
245 0 _cJON SCİESZKA
_aJ-1 NE HALİN VARSA GÖR GLADYATÖR
260 _bGÜNIŞIĞI YAYINLARI
999 _c1250826
_d1250826